[Event "26th 4NCL Congress"]
[Site "Woodland Grange, Leamington Spa"]
[Date "2021.09.10"]
[Round "1"]
[Board "7"]
[White "Gilbert, David J"]
[Black "Bohm, Richard D"]
[Result "1-0"]
[WhiteElo "1612"]
[BlackElo "1353"]
[PlyCount "0"]
[EventDate "2021.09.10"]
[EventRounds "5"]
[EventCountry "ENG"]

1.c4 e5 2.g3 d6 3.Bg2 Nf6 4.Nc3 c6 5.Nf3 g6 6.d3 h6 7.Rb1 Bg7 8.b4 O-O 9.O-O
Be6 10.Qc2 Na6 11.b5 Nc5 12.Ba3 cxb5 13.Bxc5 dxc5 14.Nxb5 a6 15.Nc3 Qc7 16.Nd2
Rab8 17.Nde4 Nxe4 18.Bxe4 f5 19.Nd5 Bxd5 20.Bxd5+ Kh7 21.e4 f4 22.Rb3 f3
23.Rfb1 b6 24.Qd1 Qd7 25.Rxb6 Rxb6 26.Rxb6 Qh3 27.Qf1 Qxf1+ 28.Kxf1 Ra8
29.Bxa8  1-0

[Event "26th 4NCL Congress"]
[Site "Woodland Grange, Leamington Spa"]
[Date "2021.09.10"]
[Round "1"]
[Board "8"]
[White "Pitts, Daniel"]
[Black "Morris, Nigel W"]
[Result "1-0"]
[WhiteElo "1338"]
[BlackElo "1603"]
[PlyCount "0"]
[EventDate "2021.09.10"]
[EventRounds "5"]
[EventCountry "ENG"]

1.e4 c5 2.Nf3 d6 3.d4 cxd4 4.Nxd4 Nf6 5.f3 a6 6.c4 g6 7.Nc3 Bg7 8.Be3 Nc6
9.Be2 Qc7 10.O-O Na5 11.b3 Bd7 12.Qd2 h6 13.Rac1 Rc8 14.Nd5 Qd8 15.Nf5 Nxd5
16.Nxg7+ Kf8 17.cxd5 Kxg7 18.Rxc8 Bxc8 19.b4 Nc6 20.dxc6 bxc6 21.Qc3+ e5
22.Qxc6 Be6 23.Qxa6 Qe7 24.a4 Rc8 25.b5 Rc2 26.b6 Rb2 27.Bb5 Bd7 28.Qa7  1-0

[Event "26th 4NCL Congress"]
[Site "Woodland Grange, Leamington Spa"]
[Date "2021.09.10"]
[Round "1"]
[Board "9"]
[White "Bullock, Lee"]
[Black "Patel, Diah Dipal"]
[Result "1-0"]
[WhiteElo "1599"]
[BlackElo "1323"]
[PlyCount "0"]
[EventDate "2021.09.10"]
[EventRounds "5"]
[EventCountry "ENG"]

1.d4 d5 2.Bf4 Nc6 3.e3 Bf5 4.Bd3 Bxd3 5.Qxd3 Qd7 6.c3 Nf6 7.Nf3 e6 8.Nbd2 Be7
9.h3 h6 10.Ne5 Nxe5 11.Bxe5 O-O 12.Nf3 Qc6 13.g4 Qb6 14.Rb1 Ne4 15.Nd2 Ba3
16.bxa3 Qa5 17.Rb3 c5 18.Rxb7 Qxa3 19.Nxe4 dxe4 20.Qc2 cxd4 21.exd4 Rfc8
22.Rb3 Qa5 23.Bf4 Rc4 24.Bd2 e5 25.dxe5 Qd5 26.Be3 Qxe5 27.O-O h5 28.Qd2 hxg4
29.hxg4 Qe6 30.Qe2 Rac8 31.f4 f5 32.g5 Kf7 33.Qh5+ g6 34.Qh7+ Ke8 35.Rb8 Rc7
36.Rxc8+ Qxc8 37.Qxg6+ Rf7 38.Bd4 Qc4 39.Rb1 Qxa2 40.Rb8+ Kd7 41.Rb7+ Kc8
42.Qc6+ Kd8 43.Rb8+ Ke7 44.Bc5#  1-0

[Event "26th 4NCL Congress"]
[Site "Woodland Grange, Leamington Spa"]
[Date "2021.09.10"]
[Round "1"]
[Board "10"]
[White "Lloyd, Gregory"]
[Black "Lacoult, Maxime"]
[Result "1-0"]
[WhiteElo "1293"]
[BlackElo "1599"]
[PlyCount "0"]
[EventDate "2021.09.10"]
[EventRounds "5"]
[EventCountry "ENG"]

1.d4 Nf6 2.c4 e6 3.Nc3 Bb4 4.f3 c5 5.d5 b5 6.e4 bxc4 7.Bxc4 Bb7 8.Ne2 exd5
9.exd5 d6 10.O-O O-O 11.Bg5 Bxc3 12.Nxc3 Nbd7 13.Ne4 Nb6 14.b3 Re8 15.Nxf6+
gxf6 16.Bh6 f5 17.Qd3 Qf6 18.Bd2 Re5 19.Bc3 Rae8 20.f4 Nxc4 21.bxc4 Qg6
22.fxe5 Kh8 23.Qxf5  1-0

[Event "26th 4NCL Congress"]
[Site "Woodland Grange, Leamington Spa"]
[Date "2021.09.10"]
[Round "1"]
[Board "11"]
[White "Constable, John"]
[Black "Stubbs, John"]
[Result "1-0"]
[WhiteElo "1570"]
[BlackElo "1263"]
[PlyCount "0"]
[EventDate "2021.09.10"]
[EventRounds "5"]
[EventCountry "ENG"]

1.Nf3 c5 2.c4 g6 3.g3 Bg7 4.Bg2 Nc6 5.O-O Nf6 6.d4 cxd4 7.Nxd4 O-O 8.Nc3 a6
9.Bf4 Nxd4 10.Qxd4 Nh5 11.Qd2 Nxf4 12.Qxf4 d6 13.Rfd1 Rb8 14.c5 Be5 15.Qe3 Be6
16.f4 Bxc3 17.Qxc3 Rc8 18.b4 Qc7 19.Rac1 dxc5 20.Qxc5 Qxc5+ 21.bxc5 Rc7 22.a3
Rfc8 23.Rb1 Rxc5 24.Rxb7 Ra5 25.Rxe7 Kf8 26.Ra7 Rxa3 27.Rd6 a5 28.Bd5 Re3
29.Kf2 Rec3 30.Bxe6 fxe6 31.Rxe6 Re8 32.Rxe8+ Kxe8 33.Rxa5  1-0

[Event "26th 4NCL Congress"]
[Site "Woodland Grange, Leamington Spa"]
[Date "2021.09.10"]
[Round "1"]
[Board "12"]
[White "Rida, Ruqayyah"]
[Black "Jones, Jonathan"]
[Result "1-0"]
[WhiteElo "1261"]
[BlackElo "1570"]
[PlyCount "0"]
[EventDate "2021.09.10"]
[EventRounds "5"]
[EventCountry "ENG"]

1.e4 d6 2.d4 Nf6 3.Nc3 e5 4.Nf3 exd4 5.Nxd4 Be7 6.Be2 O-O 7.O-O Nc6 8.Be3 Re8
9.f4 Bf8 10.Bf3 Bd7 11.Bf2 Nxd4 12.Bxd4 c5 13.Bxf6 Qxf6 14.Nd5 Qd8 15.Qd3 Bc6
16.c4 Bxd5 17.cxd5 Qb6 18.Qd2 a5 19.Rae1 Qb4 20.Qc2 Qd4+ 21.Kh1 b5 22.Rd1 Qf6
23.g3 Rab8 24.Rde1 Qg6 25.Qe2 Qf6 26.e5 Qe7 27.Bg4 Qd8 28.Qf3 Rb7 29.e6 f6
30.f5 Ree7 31.Bh5 c4 32.Bf7+ Kh8 33.Qh5 b4 34.Rf4 h6 35.Qg6 Qc7 36.Rh4 Rxf7
37.exf7 Qxf7 38.Qxf7 Rxf7 39.Rxc4 Kh7 40.Rc8  1-0

[Event "26th 4NCL Congress"]
[Site "Woodland Grange, Leamington Spa"]
[Date "2021.09.10"]
[Round "1"]
[Board "13"]
[White "Fancourt, Leslie J"]
[Black "Vaidyanathan, Sathya"]
[Result "1-0"]
[WhiteElo "1563"]
[BlackElo "1198"]
[PlyCount "0"]
[EventDate "2021.09.10"]
[EventRounds "5"]
[EventCountry "ENG"]

1.e4 e5 2.Nf3 Nc6 3.Bc4 Bc5 4.c3 Nf6 5.d4 exd4 6.cxd4 Bb4+ 7.Nc3 Nxe4 8.O-O
Nxc3 9.bxc3 Bxc3 10.Ba3 d6 11.Rc1 Ba5 12.d5 Ne7 13.Qa4+ Bd7 14.Qxa5 O-O 15.Bb3
b6 16.Qc3 Rc8 17.Bb2 f6 18.Rfe1 a5 19.a3 Qe8 20.Nd4 Qf7 21.Ne6 Bxe6 22.dxe6
Qe8 23.Qh3 Qb5 24.Bc2 h6 25.Qb3 Qxb3 26.Bxb3 Kh8  1-0

[Event "26th 4NCL Congress"]
[Site "Woodland Grange, Leamington Spa"]
[Date "2021.09.10"]
[Round "1"]
[Board "14"]
[White "Merrifield, Peter"]
[Black "Vaidyanathan, Adithya"]
[Result "0-1"]
[WhiteElo "1115"]
[BlackElo "1559"]
[PlyCount "0"]
[EventDate "2021.09.10"]
[EventRounds "5"]
[EventCountry "ENG"]

1.e4 c5 2.Nf3 Nc6 3.d4 cxd4 4.Nxd4 e5 5.Nb3 Nf6 6.Nc3 Bb4 7.Bg5 Bxc3+ 8.bxc3
d6 9.Be2 h6 10.Bxf6 Qxf6 11.O-O O-O 12.Qd2 Qg5 13.Bf3 f5 14.Rae1 f4 15.Kh1 Bg4
16.Bxg4 Qxg4 17.f3 Qe6 18.Qd5 Qxd5 19.exd5 Ne7 20.c4 b6 21.Nd2 Nf5 22.c3 Rac8
23.Re4 Rc5 24.Ra1 Rfc8 25.Kg1 Ne3 26.Kf2 Nxc4 27.Nxc4 Rxc4 28.Rxc4 Rxc4 29.Rc1
Rc5 30.c4 b5 31.Ke2 bxc4 32.Kd2 Rxd5+ 33.Kc3 Kf7 34.Kxc4 Rc5+  0-1

[Event "26th 4NCL Congress"]
[Site "Woodland Grange, Leamington Spa"]
[Date "2021.09.10"]
[Round "1"]
[Board "15"]
[White "Sartain, Patrick P"]
[Black "Baravalle, Maurizio"]
[Result "1-0"]
[WhiteElo "1554"]
[BlackElo "1012"]
[PlyCount "0"]
[EventDate "2021.09.10"]
[EventRounds "5"]
[EventCountry "ENG"]

1.e4 e5 2.Nf3 Nc6 3.Bc4 Nd4 4.c3 Nxf3+ 5.Qxf3 Qf6 6.Qe2 Bc5 7.b4 Bb6 8.a4 a5
9.b5 Ne7 10.d3 d6 11.Be3 c5 12.O-O O-O 13.f4 Be6 14.fxe5 Qxe5 15.Bf4 Qf6
16.Bxd6 Qg5 17.Nd2 Bxc4 18.Nxc4 Ba7 19.Rf3 Rad8 20.Rg3 Qf6 21.Be5 Qe6 22.Rxg7+
 1-0

[Event "26th 4NCL Congress"]
[Site "Woodland Grange, Leamington Spa"]
[Date "2021.09.10"]
[Round "1"]
[Board "16"]
[White "Coleman, Diana"]
[Black "Loyden, Gary"]
[Result "0-1"]
[WhiteElo "917"]
[BlackElo "1545"]
[PlyCount "0"]
[EventDate "2021.09.10"]
[EventRounds "5"]
[EventCountry "ENG"]

1.e4 c5 2.Nf3 g6 3.c3 d5 4.exd5 Qxd5 5.Be2 Bg7 6.d4 Nc6 7.Bb5 Bg4 8.Bxc6+ Qxc6
9.d5 Qd7 10.O-O Nf6 11.Bg5 Bxf3 12.Qxf3 O-O 13.c4 Rae8 14.Re1 Ng4 15.h3 Ne5
16.Qf4 Nd3 17.Rxe7 Rxe7 18.Qg4 Re1+ 19.Kh2 Qxg4 20.hxg4 Bxb2 21.Bd2 Bxa1
22.Bxe1 Nxe1 23.Nd2 Be5+ 24.Kg1 Bd6 25.Ne4 Rd8 26.Kf1 Nd3 27.Nf6+ Kg7 28.g5
Ne5  0-1

[Event "26th 4NCL Congress"]
[Site "Woodland Grange, Leamington Spa"]
[Date "2021.09.11"]
[Round "2"]
[Board "1"]
[White "Dias, Yan A"]
[Black "Williams, Stephen"]
[Result "0-1"]
[WhiteElo "1522"]
[BlackElo "1698"]
[PlyCount "0"]
[EventDate "2021.09.10"]
[EventRounds "5"]
[EventCountry "ENG"]

1.d4 d5 2.Bf4 c5 3.c3 cxd4 4.cxd4 Nc6 5.e3 Nf6 6.Nc3 a6 7.a4 Bg4 8.Qb3 Na5
9.Qa2 e6 10.f3 Bf5 11.g4 Bg6 12.h4 h6 13.Rd1 Rc8 14.Bd3 Bxd3 15.Rxd3 Bd6
16.Nge2 O-O 17.Bxd6 Qxd6 18.g5 Nh5 19.gxh6 gxh6 20.f4 Kh8 21.Kf2 Rg8 22.Qb1
Qe7 23.Rdd1 Rg4 24.Rhg1 Rcg8 25.Qc1 Nc4 26.Rxg4 Rxg4  0-1

[Event "26th 4NCL Congress"]
[Site "Woodland Grange, Leamington Spa"]
[Date "2021.09.11"]
[Round "2"]
[Board "2"]
[White "Cuthbert, Larissa"]
[Black "Cole, David M"]
[Result "0-1"]
[WhiteElo "1452"]
[BlackElo "1668"]
[PlyCount "0"]
[EventDate "2021.09.10"]
[EventRounds "5"]
[EventCountry "ENG"]

1.e4 e6 2.d4 d5 3.exd5 exd5 4.Nc3 c6 5.Bd3 Bd6 6.Nge2 Ne7 7.O-O Bf5 8.Bxf5
Nxf5 9.Ng3 Nxg3 10.Re1+ Be7 11.fxg3 O-O 12.Qg4 Bf6 13.Bh6 Qd7 14.Qf4 Na6 15.g4
Qc7 16.Qf2 Qb6 17.Be3 Qxb2 18.Bd2 Qxc2 19.g5 Bd8 20.h4 Bb6 21.Qf4 Qd3 22.Ne2
Rae8 23.Kf2 Rxe2+ 24.Rxe2 Qxd4+ 25.Kf3 Qxa1 26.h5 Qf1+ 27.Kg3 Bc7 28.h6 Bxf4+
29.Bxf4 Qxe2 30.g6 fxg6 31.hxg7 Rxf4 32.Kxf4 Qxg2 33.Ke5 Qxa2 34.Kd4 c5+
35.Kc3 d4+ 36.Kd3 Qd5 37.Kd2 Qf3 38.Ke1 Qg2 39.Kd1 h5 40.Kc1 h4 41.Kd1 h3
42.Ke1 h2 43.Kd1 h1=Q#  0-1

[Event "26th 4NCL Congress"]
[Site "Woodland Grange, Leamington Spa"]
[Date "2021.09.11"]
[Round "2"]
[Board "3"]
[White "Norris, David J"]
[Black "Gilbert, David J"]
[Result "0-1"]
[WhiteElo "1420"]
[BlackElo "1612"]
[PlyCount "0"]
[EventDate "2021.09.10"]
[EventRounds "5"]
[EventCountry "ENG"]

1.e4 d5 2.exd5 Qxd5 3.c4 Qa5 4.Nf3 Nf6 5.Nc3 c6 6.Be2 Bf5 7.O-O e6 8.d4 Nbd7
9.Bf4 Bb4 10.Nh4 Bg6 11.Nxg6 hxg6 12.c5 Bxc3 13.bxc3 O-O-O 14.Bd6 Ne4 15.c4
Nxd6 16.cxd6 c5 17.Qb3 cxd4 18.Rab1 Nc5 19.Qb5 Qxb5 20.Rxb5 b6 21.Rfb1 Rxd6
22.Bf3 Rhd8 23.a4 Nxa4 24.Ra1 Nc3 25.Rb3 R6d7 26.Rba3 Kb8 27.Bc6 Rc7 28.Bf3
Rdd7 29.Rb3 Rxc4 30.Kf1 Rdc7 31.Rxb6+ Kc8 32.Rba6 Nb5 33.Ke1 Rc1+ 34.Rxc1
Rxc1+ 35.Kd2 Rc7 36.Bc6 Nd6 37.Kd3 e5 38.Bb7+ Nxb7  0-1

[Event "26th 4NCL Congress"]
[Site "Woodland Grange, Leamington Spa"]
[Date "2021.09.11"]
[Round "2"]
[Board "4"]
[White "Twigg, Robert"]
[Black "Bullock, Lee"]
[Result "1-0"]
[WhiteElo "1383"]
[BlackElo "1599"]
[PlyCount "0"]
[EventDate "2021.09.10"]
[EventRounds "5"]
[EventCountry "ENG"]

1.d4 Nf6 2.Bf4 e6 3.Nd2 d5 4.c3 Nbd7 5.e3 c5 6.Bb5 a6 7.Ba4 b5 8.Bc2 Bb7
9.Ngf3 Be7 10.Ne5 h6 11.O-O O-O 12.Qf3 Nxe5 13.dxe5 Nh7 14.Rad1 f5 15.h3 Bg5
16.g3 Be7 17.g4 Ng5 18.Qg2 Kh8 19.Bg3 Rf7 20.f4 Nh7 21.gxf5 exf5 22.Qf2 Nf8
23.e4 fxe4 24.Nxe4 Qc8 25.Nd6 Bxd6 26.exd6 Qxh3 27.Qh2 Qg4 28.Qh4 Qe6 29.f5
Qe3+ 30.Bf2 Qe8 31.Bxc5 Qc6 32.Bd4 Qxd6 33.f6 Kg8 34.fxg7 Rxf1+ 35.Rxf1 Ng6
36.Qxh6 Qg3+ 37.Kh1 Qh4+ 38.Qxh4 Nxh4 39.Rf4 Re8 40.Rxh4 Re1+ 41.Kg2 Re2+
42.Kf3 Rxc2 43.Rh8+  1-0

[Event "26th 4NCL Congress"]
[Site "Woodland Grange, Leamington Spa"]
[Date "2021.09.11"]
[Round "2"]
[Board "5"]
[White "Hylands, Keith A"]
[Black "Constable, John"]
[Result "0-1"]
[WhiteElo "1360"]
[BlackElo "1570"]
[PlyCount "0"]
[EventDate "2021.09.10"]
[EventRounds "5"]
[EventCountry "ENG"]

1.d4 Nf6 2.Nf3 g6 3.g3 Bg7 4.Bg2 d6 5.e3 O-O 6.O-O Nbd7 7.Re1 e5 8.dxe5 dxe5
9.e4 b6 10.Kh1 Bb7 11.Bg5 h6 12.Bd2 Qe7 13.Qc1 Ng4 14.Re2 Ba6 15.h3 Bxe2
16.hxg4 Bxf3 17.Bxf3 Qf6 18.Kg2 g5 19.Nc3 Qe6 20.Nd5 Qd6 21.Ne3 Rad8 22.Nf5
Qf6 23.Be2 Nb8 24.f4 exf4 25.gxf4 Qxb2 26.Nxg7 Qxc1 27.Bxc1 Kxg7 28.fxg5 hxg5
29.Be3 Nc6 30.Rh1 Rh8 31.Rf1 Ne5 32.Kg3 Rh7 33.Bxg5 Rd6 34.Rf5  0-1

[Event "26th 4NCL Congress"]
[Site "Woodland Grange, Leamington Spa"]
[Date "2021.09.11"]
[Round "2"]
[Board "6"]
[White "Pitts, Daniel"]
[Black "Fancourt, Leslie J"]
[Result "0-1"]
[WhiteElo "1338"]
[BlackElo "1563"]
[PlyCount "0"]
[EventDate "2021.09.10"]
[EventRounds "5"]
[EventCountry "ENG"]

1.e4 e5 2.Nf3 Nf6 3.d4 Nxe4 4.Bd3 d5 5.Nxe5 Be7 6.c4 c6 7.O-O O-O 8.Re1 Nd6
9.Nc3 dxc4 10.Bxc4 Bf6 11.Bb3 Re8 12.Ne4 Be6 13.Nxf6+ Qxf6 14.Bd2 Nb5 15.Bc3
Nc7 16.g3 Nd5 17.Ng4 Qd8 18.f4 Nd7 19.Qf3 Nxc3 20.Bxe6 Ne2+ 21.Rxe2 fxe6
22.Qb3 Nb6 23.Rxe6 Qxd4+ 24.Re3+ Kh8 25.Kh1 Rxe3 26.Qxe3 Qxb2 27.Re1 h5 28.Ne5
Qxa2 29.Qf3 Qd5 30.Re4 Kg8 31.Ng6 Nc8 32.Ne5 Nd6 33.Re3 Qxf3+ 34.Rxf3 a5
35.Rd3 Nf7 36.Nc4 b5 37.Nb2 a4 38.Ra3 Nd6 39.Nd3 Nc4 40.Ra2 Rd8 41.Nb4 c5
42.Na6 Rc8 43.Kg2 Rc6 44.Nb8 Rd6 45.Kf3 a3 46.Ke4 b4 47.Rc2 Rd4+ 48.Kf5 Ne3+
49.Kg6 Nxc2 50.Kxh5 a2 51.Nc6 a1=Q 52.f5 Qd1+ 53.g4 Qxg4#  0-1

[Event "26th 4NCL Congress"]
[Site "Woodland Grange, Leamington Spa"]
[Date "2021.09.11"]
[Round "2"]
[Board "7"]
[White "Vaidyanathan, Adithya"]
[Black "Lloyd, Gregory"]
[Result "1-0"]
[WhiteElo "1559"]
[BlackElo "1293"]
[PlyCount "0"]
[EventDate "2021.09.10"]
[EventRounds "5"]
[EventCountry "ENG"]

1.Nf3 Nf6 2.d4 e6 3.Bg5 h6 4.Bf4 c5 5.e3 Qb6 6.Nc3 a6 7.Qd2 cxd4 8.exd4 Bb4
9.Bd3 Nd5 10.O-O Qa5 11.Nxd5 Bxd2 12.Nc7+ Ke7 13.Nxd2 Ra7 14.Nc4 Qb4 15.Rfe1
Kd8 16.Bd6 Qxd6 17.Nxd6 Kxc7 18.Nxf7 Rf8 19.Ne5 Nc6 20.c3 b5 21.a4 Rb7 22.b4
d5 23.Nxc6 Kxc6 24.axb5+ axb5 25.Ra6+ Rb6 26.Ra7 Rb7 27.Rxb7 Bxb7 28.Rxe6+ Kd7
29.Re5 Bc6 30.Bf5+ Kc7 31.Bd3 Kb6 32.f3 Bd7 33.Kf2 g5 34.g3 Bg4 35.Re3 Bd7
36.Kg2 Re8 37.Rxe8 Bxe8 38.g4 Kc6 39.Kg3 Bd7 40.Bf5 Kd6 41.Bxd7 Kxd7 42.h4 Ke6
43.hxg5 hxg5 44.f4 Kf6 45.fxg5+ Kxg5 46.Kf3 Kg6 47.Kf4  1-0

[Event "26th 4NCL Congress"]
[Site "Woodland Grange, Leamington Spa"]
[Date "2021.09.11"]
[Round "2"]
[Board "9"]
[White "Loyden, Gary"]
[Black "Rida, Ruqayyah"]
[Result "0-1"]
[WhiteElo "1545"]
[BlackElo "1261"]
[PlyCount "0"]
[EventDate "2021.09.10"]
[EventRounds "5"]
[EventCountry "ENG"]

1.e4 e5 2.Nf3 Nc6 3.d4 exd4 4.Bc4 d6 5.Nxd4 Bd7 6.O-O Nf6 7.Re1 Be7 8.Nc3 O-O
9.Nd5 Nxd5 10.Nxc6 bxc6 11.exd5 cxd5 12.Bxd5 c6 13.Bf3 d5 14.Bf4 Bf5 15.Qd2
Qd7 16.c3 Rfe8 17.Re2 Bd6 18.Bxd6 Qxd6 19.Rae1 Re6 20.Rxe6 Bxe6 21.g3 h6
22.Rd1 Qc5 23.b3 a5 24.Qd4 Qb5 25.Qd3 Qc5 26.Qd4 Qa3 27.Qd2 Rb8 28.Qf4 Rb5
29.Qd2 Rc5 30.Kg2 a4 31.Rb1 Rb5 32.Be2 Rb7 33.b4 c5 34.Qb2 Qxb2 35.Rxb2 d4
36.cxd4 a3 37.Rd2 Bd5+ 38.Bf3 Bxf3+ 39.Kxf3 cxb4 40.Rd3 b3 41.Rd1 bxa2 42.Ra1
Rb2 43.h4 Kf8 44.Ke3 Ke7 45.g4 Kd6 46.f4 Kd5 47.g5 Kc4 48.d5 Kxd5 49.Kd3 h5
50.f5 Ke5 51.f6 gxf6 52.gxf6 Kxf6 53.Kc3 Kf5 54.Rf1+ Kg4 55.Rg1+ Kxh4 56.Rh1+
Kg5 57.Rg1+ Kh6 58.Ra1 h4 59.Kd3 h3 60.Ke4 h2 61.Kf5 Rb1  0-1

[Event "26th 4NCL Congress"]
[Site "Woodland Grange, Leamington Spa"]
[Date "2021.09.11"]
[Round "2"]
[Board "10"]
[White "Whitney, Dylan"]
[Black "Glen, Hamish"]
[Result "1/2-1/2"]
[WhiteElo "1345"]
[BlackElo "1660"]
[PlyCount "0"]
[EventDate "2021.09.10"]
[EventRounds "5"]
[EventCountry "ENG"]

1.e4 e6 2.Nc3 d5 3.exd5 exd5 4.d4 Bb4 5.Bd2 Ne7 6.Bd3 c6 7.h3 Bf5 8.Bxf5 Nxf5
9.Nf3 Qe7+ 10.Ne2 Bxd2+ 11.Qxd2 Nd7 12.O-O O-O 13.Rfe1 Qf6 14.c3 Rfe8 15.Nf4
Nd6 16.Nd3 Ne4 17.Qc2 Qd6 18.Nde5 Nxe5  1/2-1/2

[Event "26th 4NCL Congress"]
[Site "Woodland Grange, Leamington Spa"]
[Date "2021.09.11"]
[Round "2"]
[Board "11"]
[White "Vdovycia, Titas"]
[Black "Mcmorran, Richard"]
[Result "0-1"]
[WhiteElo "1379"]
[BlackElo "1653"]
[PlyCount "0"]
[EventDate "2021.09.10"]
[EventRounds "5"]
[EventCountry "ENG"]

1.e4 c5 2.c3 a6 3.Nf3 d6 4.d4 cxd4 5.cxd4 g6 6.Be2 Bg7 7.Nc3 Nc6 8.Be3 Nf6
9.d5 Nb8 10.O-O O-O 11.Qc2 Nbd7 12.Rac1 b5 13.a3 Bb7 14.Bd2 Qc8 15.Qd1 Ne8
16.h4 Nc7 17.h5 e6 18.hxg6 hxg6 19.dxe6 fxe6 20.Bd3  0-1

[Event "26th 4NCL Congress"]
[Site "Woodland Grange, Leamington Spa"]
[Date "2021.09.11"]
[Round "2"]
[Board "12"]
[White "Whittington, Reece W"]
[Black "Jerome, Stelio"]
[Result "1/2-1/2"]
[WhiteElo "1630"]
[BlackElo "1309"]
[PlyCount "0"]
[EventDate "2021.09.10"]
[EventRounds "5"]
[EventCountry "ENG"]

1.d4 c5 2.Nf3 cxd4 3.Nxd4 Nf6 4.g3 g6 5.Bg2 Bg7 6.O-O O-O 7.c3 d5 8.Nd2 e5
9.N4b3 e4 10.Nd4 Nc6 11.N2b3 Re8 12.Qc2 Bd7 13.e3 Rc8 14.Bd2 Ng4 15.Nxc6 bxc6
16.Nc5 Ne5 17.f4 exf3 18.Bxf3 Nxf3+ 19.Rxf3 Bf5 20.Qa4 Qb6 21.b4 Bf8 22.Rxf5
gxf5 23.Qc2 Bxc5 24.bxc5 Qxc5 25.Qxf5 Qd6 26.Rf1 Qg6 27.Qd7 Qe6 28.Qxa7 Ra8
29.Qd4 Rxa2 30.Rf4 Qe5 31.Qd3 Rxd2 32.Qxd2 Qxe3+ 33.Qf2 Qxf2+ 34.Kxf2 Re4
35.Rf3 Kg7 36.Rd3 f5 37.h4 h5 38.Rd1 Kf6 39.Ra1 Re6 40.Ra8 Kg7 41.Ra7+ Kf6
42.Ra8 Kf7 43.Rh8 Kg6 44.Ra8 Rf6 45.Kf3 Rf7 46.Rc8 Rf6 47.Kf4 Re6 48.Rg8+ Kf7
49.Rg5 Re4+ 50.Kxf5 c5 51.Rxh5 Re3 52.Rh7+ Kg8 53.Rd7 Rxc3 54.Rxd5 Rxg3
55.Rxc5 Kh7 56.Rc6 Rg7 57.h5 Kh8 58.h6 Rg8 59.Rc7 Rf8+ 60.Kg6 Rg8+ 61.Rg7 Rf8
62.Rf7 Rxf7 63.Kxf7  1/2-1/2

[Event "26th 4NCL Congress"]
[Site "Woodland Grange, Leamington Spa"]
[Date "2021.09.11"]
[Round "2"]
[Board "13"]
[White "Faulkner, Oliver"]
[Black "Hariharan, Shambavi"]
[Result "0-1"]
[WhiteElo "1587"]
[BlackElo "858"]
[PlyCount "0"]
[EventDate "2021.09.10"]
[EventRounds "5"]
[EventCountry "ENG"]

1.c4 c6 2.e4 d5 3.cxd5 cxd5 4.exd5 Nf6 5.Nc3 Nxd5 6.Bc4 Nf6 7.Nf3 Nc6 8.O-O
Bg4 9.a3 a6 10.Qb3 e6 11.Qd1 Nd4 12.Be2 Nxe2+ 13.Qxe2 Bd6 14.d4 O-O 15.Bg5 h6
16.Bh4 Re8 17.Rfd1 Be7 18.Qd3 Nd5 19.Bxe7 Rxe7 20.Re1 Nxc3 21.bxc3 Bxf3
22.Qxf3 Rc7 23.Qd3 Rac8 24.Rec1 b5 25.Rc2 Rc4 26.Rac1 Qd6 27.Qd2 Qxa3 28.Ra2
Qd6 29.Rca1 Rxc3  0-1

[Event "26th 4NCL Congress"]
[Site "Woodland Grange, Leamington Spa"]
[Date "2021.09.11"]
[Round "2"]
[Board "14"]
[White "Llewellyn, Nick"]
[Black "Ashton, Alannah"]
[Result "0-1"]
[WhiteElo "708"]
[BlackElo "1584"]
[PlyCount "0"]
[EventDate "2021.09.10"]
[EventRounds "5"]
[EventCountry "ENG"]

1.e4 c5 2.Nf3 d6 3.d4 cxd4 4.Nxd4 Nf6 5.Nc3 g6 6.Bd3 Bg7 7.O-O Nc6 8.Nxc6 bxc6
9.Bg5 O-O 10.Qd2 Rb8 11.Rac1 Rxb2 12.Bh6 Qa5 13.Bxg7 Kxg7 14.Rfe1 Nd7 15.f4
Nc5 16.Rb1 Rxa2 17.e5 d5 18.e6 Nxd3  0-1

[Event "26th 4NCL Congress"]
[Site "Woodland Grange, Leamington Spa"]
[Date "2021.09.11"]
[Round "2"]
[Board "17"]
[White "Belinger, John"]
[Black "Goldsmith, Jennifer"]
[Result "1-0"]
[WhiteElo "1685"]
[BlackElo "1413"]
[PlyCount "0"]
[EventDate "2021.09.10"]
[EventRounds "5"]
[EventCountry "ENG"]

1.e4 c6 2.d4 d5 3.e5 Nd7 4.f4 c5 5.Nf3 e6 6.c3 Ne7 7.Bd3 Nc6 8.O-O Qb6 9.Bc2
cxd4 10.cxd4 Be7 11.Nc3 O-O 12.a3 a5 13.Qd3 g6 14.Be3 Qc7 15.h4 Qd8 16.h5 b6
17.hxg6 fxg6 18.Ng5 Bxg5 19.fxg5 Ne7 20.Rxf8+ Nxf8 21.g4 Qe8 22.Qd1 Ba6 23.Bd3
Bxd3 24.Qxd3 Nd7 25.Nb5 Qd8 26.Rf1 Nc6 27.Qe2 Qe7 28.Nd6 Ndxe5 29.dxe5 Nxe5
30.Nb5 Nc4 31.Rf6 Kg7 32.Qf2 Qd7 33.Nd4 Re8 34.Bc1 e5 35.Nf5+ gxf5 36.gxf5 Rb8
37.Qh4 Kg8 38.g6 Nd6 39.Rxd6 Qc7 40.gxh7+ Kh8 41.Qf6+ Kxh7 42.Qg6+ Kh8 43.Qh6+
Qh7 44.Qxh7+ Kxh7 45.Rxd5 Rc8 46.Rd7+ Kg8 47.Bh6 Rc6 48.Be3 Rf6 49.Kg2 Rxf5
50.Kg3 Rf6 51.Rd5 Re6 52.Rb5 Kf7 53.Rxb6 Rxb6 54.Bxb6 a4 55.Kf3 Ke6 56.Ke4 Kd6
57.Ba7 Kc6 58.Kxe5 Kb5 59.Kd4 Ka6 60.Bc5 Kb5 61.Be7 Ka5 62.Kc4 Ka6 63.Kb4  1-0

[Event "26th 4NCL Congress"]
[Site "Woodland Grange, Leamington Spa"]
[Date "2021.09.11"]
[Round "2"]
[Board "18"]
[White "Dias, Ruwan"]
[Black "Bohm, Richard D"]
[Result "1-0"]
[WhiteElo "1660"]
[BlackElo "1353"]
[PlyCount "0"]
[EventDate "2021.09.10"]
[EventRounds "5"]
[EventCountry "ENG"]

1.e4 c6 2.d4 d5 3.Nc3 a6 4.Be3 e6 5.a3 Nd7 6.exd5 exd5 7.Nf3 Bd6 8.g3 Ngf6
9.Bg2 O-O 10.O-O Re8 11.Qd2 Ng4 12.Bf4 Ndf6 13.h3 Bxf4 14.Qxf4 Nh6 15.Rfe1 Be6
16.Ng5 Bf5 17.Qd2 Qd7 18.g4 Be6 19.Nxe6 Rxe6 20.Rxe6 fxe6 21.g5 Ne4 22.Nxe4
Nf5 23.Nc5 Qf7 24.Re1 Nh4 25.Rxe6 Qf3 26.Bxf3 Nxf3+ 27.Kg2 Nxd2 28.b3 b6
29.Nd7 Ne4 30.Rxc6 b5 31.Nb6 Rd8 32.h4 Rf8 33.f3 Nd2 34.Rc8 Nb1 35.Rxf8+ Kxf8
36.a4 Nc3 37.axb5 Nxb5 38.Nxd5 Nxd4 39.Ne3 g6 40.b4 Kg7 41.c4 h6 42.f4 hxg5
43.hxg5 Kf7 44.Kg3 Nc6 45.b5 Nb4 46.bxa6 Nxa6 47.f5 gxf5 48.Nxf5 Nc7 49.Nd4
Kg6 50.Kg4 Na6 51.Nb3 Nc7 52.Nc5 Ne8 53.Ne4 Nc7 54.Kf4 Ne6+ 55.Ke5 Nd8 56.Kd6
Kf5 57.c5 Kxe4 58.g6 Kf5 59.g7 Nf7+ 60.Ke7 Nh6 61.c6 Ng8+ 62.Kd6 Kf6 63.c7 Ne7
64.g8=Q Nxg8 65.c8=Q Ne7 66.Qe6+ Kg7 67.Qxe7+ Kg8 68.Ke6 Kh8 69.Kf6 Kg8
70.Qg7#  1-0

[Event "26th 4NCL Congress"]
[Site "Woodland Grange, Leamington Spa"]
[Date "2021.09.11"]
[Round "2"]
[Board "19"]
[White "Constable, Christine F"]
[Black "Vaidyanathan, Sathya"]
[Result "1/2-1/2"]
[WhiteElo "1615"]
[BlackElo "1198"]
[PlyCount "0"]
[EventDate "2021.09.10"]
[EventRounds "5"]
[EventCountry "ENG"]

1.d4 d5 2.Nf3 Bf5 3.c4 e6 4.cxd5 Qxd5 5.Nc3 Bb4 6.Bd2 Bxc3 7.Bxc3 Nf6 8.e3 Ne4
9.Bd3 Nxc3 10.bxc3 Bxd3 11.Qxd3 Nc6 12.O-O O-O 13.c4 Qh5 14.Qd1 Rfd8 15.Nd2
Qxd1 16.Rfxd1 Rd7 17.Kf1 Rad8 18.Ke2 Kf8 19.Rab1 b6 20.Nf3 f6 21.Rd2 Na5
22.Rc1 Nb7 23.Rcc2 c5 24.h3 g5 25.g4 h6 26.Rb2 Kf7 27.Rbc2 Kg7 28.a3 Kf7
29.Rd3 Na5 30.Rcc3 Nb7 31.Rc2 Na5 32.Rc1 Nb7 33.Rcd1 Ke7 34.d5 e5 35.e4 Nd6
36.Nd2 Kf7 37.Rh1 Kg6 38.a4 Rb8 39.Rb3 Rdb7 40.Kd3 a5 41.h4 Kg7 42.hxg5 hxg5
43.f3 Rh8 44.Rbb1 Rbb8 45.Kc3 Rxh1 46.Rxh1 Rh8 47.Rxh8 Kxh8 48.Nf1 Kg7 49.Ng3
Kf7 50.Nh5 Ne8 51.Ng3 Nd6 52.Kb3 Ke7 53.Nh5 Kf7 54.Kc3 Ne8 55.Ng3 Nd6 56.Nf1
Ne8 57.Nd2 Nd6 58.Nb1 Ke7 59.Na3 Kd7 60.Nb5 Nxb5+ 61.cxb5 Kd6 62.Kc4 Kd7
63.Kc3  1/2-1/2

[Event "26th 4NCL Congress"]
[Site "Woodland Grange, Leamington Spa"]
[Date "2021.09.11"]
[Round "2"]
[Board "20"]
[White "Morris, Nigel W"]
[Black "Merrifield, Peter"]
[Result "1-0"]
[WhiteElo "1603"]
[BlackElo "1115"]
[PlyCount "0"]
[EventDate "2021.09.10"]
[EventRounds "5"]
[EventCountry "ENG"]

1.Nf3 Nf6 2.c4 e6 3.g3 g6 4.Nc3 d5 5.d4 Bg7 6.Bg2 O-O 7.b3 Nc6 8.Bb2 Re8 9.O-O
b6 10.Rc1 Bb7 11.e3 Ne7 12.Qc2 c5 13.dxc5 bxc5 14.Rfd1 Nc6 15.Na4 Nb4 16.Qb1
Qc7 17.cxd5 Na6 18.d6 Qa5 19.Qa1 Red8 20.Bxf6 Bxf6 21.Qxf6 Rd7 22.Ne5 Bxg2
23.Kxg2 Rad8 24.Nxd7 Rxd7 25.Qe5  1-0